000 00466nmm a2200169Ia 4500
008 251105s9999||||xx |||||||||||||||||und||
020 _a8470309854
041 _aspa
100 _aRousseau, Jean-Jacques
245 0 _aContrato social
264 _a[Madrid, España] :
_bBiblioteca Nueva,
_c2003
300 _a188 páginas
490 _aClásicos del pensamiento
650 _aSociology
856 _uhttps://public.digitaliapublishing.com/a/4837
942 _cCF
999 _c73260
_d73260